000 00661nam a22001457a 4500
020 _a978-0-141-33920-7
082 _a823
_bRIO/H
100 _aRIORDAN, RICK
245 _aHEROES OF OLYMPUS
_bTHE HOUSE OF HADES
260 _aUNITED KINGDOM
_bPUFFIN BOOKS
_c2014
300 _a597
520 _aThe story follows the Greek demigods Annabeth Chase, Leo Valdez, Piper McLean, Nico di Angelo, and Percy Jackson; and the Roman demigods Jason Grace, Hazel Levesque, and Frank Zhang on their quest to close the Doors of Death, stop the Giants from raising Gaea, and prevent war between Camp Jupiter and Camp Half-Blood.
650 _aNOVEL
_zUNITED KINGDOM
942 _cBK
999 _c3898
_d3898